Cubic metaplectic forms and theta functions

Αποθηκεύτηκε σε:
Λεπτομέρειες βιβλιογραφικής εγγραφής
Κύριος συγγραφέας: Proskurin, Nikolai 1953-
Μορφή: Βιβλίο
Γλώσσα:English
Δημοσίευση: Berlin ; Heidelberg : Springer, c1998
Σειρά:Lecture notes in mathematics (Springer-Verlag) ; 1677
Θέματα:
Ετικέτες: Προσθήκη ετικέτας
Δεν υπάρχουν, Καταχωρήστε ετικέτα πρώτοι!

MARC

LEADER 00000nam a2200000 i 4500
001 1/91777
008 991103s1998 eng d
020 |a 3540637516 
035 |l 10053756 
040 |a GR-MY-UA  |b gre  |e aacr 
041 0 |a eng 
082 0 |a 512.7 
100 1 |a Proskurin, Nikolai  |d 1953- 
245 1 0 |a Cubic metaplectic forms and theta functions /  |c Nikolai Proskurin 
260 |a Berlin ; Heidelberg :   |b Springer,   |c c1998 
300 |a vii, 196 p.;  |c 24 cm. 
490 1 |a Lecture notes in mathematics (Springer-Verlag)  |v ; 1677 
500 |a Includes bibliographical references and index 
650 0 0 |a Automorphic forms. 
650 0 0 |a Discontinuous groups. 
650 0 0 |a Functions, Theta. 
830 0 |a Lecture notes in mathematics (Springer-Verlag)  |v ; 1677 
852 |a INST  |b SAMOS  |e 19991103  |h 512.7 PRO  |p 005300017077  |q 005300017077  |t BK  |y 0 
901 |a BIBL3-1999-3 
909 |a Σ  |b 067274 
922 |a 3ΕΛΗ  |b 199909  |c ΕΠΕΑΕΚ/ΜΑΘ  |d ΠΑΠΑΣΩΤΗΡΙΟΥ 
970 |a ΓΕΝΟΥΖΟΥ  |b ΧΡΥΣΑΝΘΗ  |z 1999/11/03